[Event "Yingmei Cup CHN-chT 2017"]
[Site "Shenzen"]
[Date "2017.04.18"]
[Round "1"]
[White "Zhu, Jiner"]
[Black "Shvayger, Yuliya"]
[Result "1/2-1/2"]
[WhiteElo "2154"]
[BlackElo "2416"]
[Annotator "ChessBase"]
[PlyCount "81"]
[EventDate "2017.??.??"]
[EventCountry "CHN"]
[SourceTitle "playchess.com"]
[Source "ChessBase"]
[SourceQuality "1"]
[TimeControl "5400+30"]

1. e4 c5 2. Nf3 Nc6 3. d4 cxd4 4. Nxd4 e5 5. Nb5 d6 6. N1c3 a6 7. Na3 b5 8. Nd5 Nge7 9. Bg5 h6 10. Bxe7 Nxe7 11. c4 Nxd5 12. Qxd5 Be6 13. Qd2 Qh4 14. Qe3 b4 15. Nc2 a5 16. b3 Be7 17. g3 Qh5 18. Bg2 O-O 19. O-O Rfc8 20. Kh1 f6 21. Qd2 Qe8 22. h4 Qc6 23. Kh2 Rcb8 24. Rab1 Qc5 25. Bh3 Bf7 26. Kg2 Ra7 27. Rfd1 Qc6 28. Qd3 Bd8 29. Ne3 Bb6 30. Nf5 Bc5 31. Qf3 Kh7 32. h5 a4 33. Qg4 Be8 34. Rb2 axb3 35. axb3 Rb6 36. Rbd2 Qc7 37. Nh4 Bf7 38. Nf5 Be8 39. Nh4 Bf7 40. Nf5 Be8 41. Nh4 1/2-1/2

[Event "Yingmei Cup CHN-chT 2017"]
[Site "Shenzen"]
[Date "2017.04.18"]
[Round "1"]
[White "Sun, Fanghui"]
[Black "Wang, Doudou"]
[Result "1/2-1/2"]
[WhiteElo "2059"]
[BlackElo "2207"]
[Annotator "TA"]
[PlyCount "97"]
[EventDate "2017.??.??"]
[EventCountry "CHN"]
[SourceTitle "playchess.com"]
[Source "ChessBase"]
[SourceQuality "1"]

{[%evp 9,97,59,59,38,57,56,54,54,55,53,52,51,66,57,58,25,27,8,11,11,2,5,8,9,9,-47,-10,-8,24,-4,-7,-27,-10,-19,-16,-9,-9,-67,-59,-67,-73,-48,-3,-12,0,0,0,-35,-36,-29,-21,-36,-36,-23,-6,-41,0,0,0,0,0,0,0,0,3,3,35,42,22,0,5,0,0,0,0,0,16,16,16,16,16,17,17,20,119,119,119,0,0,0]} 1. e4 d5 2. exd5 Qxd5 3. Nc3 Qd6 4. d4 c6 5. Nf3 Nf6 6. g3 {B01: Scandinavian Defence} (6. Ne5 Nbd7 7. Nc4 Qc7 8. a4 Nd5 9. Bd3 g6 10. Qf3 N7f6 11. Nxd5 Nxd5 12. O-O Bg7 13. c3 O-O 14. Qg3 Qxg3 15. hxg3 {½-½ (28) Caruana,F (2808)-Carlsen,M (2857) Baku 2016}) 6... Bg4 7. Bg2 e6 8. O-O {White is slightly better.} Be7 9. Bf4 Qd8 10. h3 Bh5 11. Re1 Nbd7 12. Qe2 $146 (12. g4 Bg6 13. Ne5 Nxe5 {½-½ (13) Valsecchi,A (2338)-Kasparov,S (2521) Arco 2011}) 12... O-O 13. g4 Bg6 14. Ne5 Nxe5 15. dxe5 Nd5 16. Nxd5 cxd5 17. c4 ({White should play} 17. Rad1 $11) 17... dxc4 18. Qxc4 (18. Bxb7 Rb8 19. Be4 Qd4 $17) 18... Qb6 19. Be3 Qxb2 20. Qb3 Ba3 (20... Qxe5 $5 {seems wilder.} 21. Bxb7 Rae8 22. Bxa7 Qg5 23. Be3 Qh4) 21. Rad1 Qxb3 22. axb3 Bb4 {White must now prevent ...Bc2.} 23. Re2 (23. Bd2 $11 Bc5 24. Be3 (24. Bxb7 Rab8 25. b4 Bxf2+ 26. Kxf2 Rxb7 $17) (24. b4 Be7 $15) 24... Bxe3 25. Rxe3) 23... Rad8 $15 24. Rxd8 Rxd8 25. Bxa7 Bd3 (25... Rd1+ $5 26. Kh2 $8 Bc3 $15) 26. Ra2 Ba6 27. Rc2 h6 28. Bb6 Rd1+ 29. Kh2 Bd2 {[%cal Rd2f4] [#]} 30. Rc8+ Kh7 {[%cal Rd2f4]} 31. Be4+ g6 32. Kg3 Re1 33. Bd8 $36 {[%mdl 2048] Bf6 would kill now. White is pushing.} Bg5 (33... Rxe4 $5 34. Bf6 $8 g5 35. Rh8+ Kg6 36. Rg8+ Kh7 37. Rh8+ Kg6 38. Rg8+ Kh7 39. Rh8+ $11) 34. f3 Kg7 35. Bxg5 (35. h4 $5 {is more complex.} Bxd8 36. Rxd8 Re3 37. b4 Rb3 38. Rd4) 35... hxg5 $11 {[%mdl 4096] Endgame KRB-KRB} 36. Rc7 Re3 37. b4 Re1 38. Rc5 {Hoping for b5.} b6 $1 {[%cal Rb6c5]} 39. Rc7 Re2 40. Ra7 Bc4 41. Bc6 Rxe5 42. Be8 Re3 43. Rxf7+ Kg8 $1 {aiming for ...Bb5!} 44. Rf6 Bd5 $1 45. h4 ({Don't play} 45. Rxg6+ Kf8 46. Bb5 Rxf3+ 47. Kh2 Rb3 $17) 45... gxh4+ 46. Kxh4 Rxf3 (46... Bxf3 $11 47. Kg5 (47. Bxg6 Bxg4 48. Kg5 Rg3 $11) (47. Rxg6+ Kf8 48. Bd7 Kf7 $15) 47... Be2) 47. Rxf3 $16 ({Weaker is} 47. Rxg6+ Kf8 48. Bd7 Ke7 49. Rg7+ Kd6 $11) 47... Bxf3 {[#]} 48. Bxg6 (48. Kg5 $1 $16) 48... Kg7 $11 49. Be8 1/2-1/2